<?xml version="1.0" encoding="UTF-8"?>
<record
    xmlns:xsi="http://www.w3.org/2001/XMLSchema-instance"
    xsi:schemaLocation="http://www.loc.gov/MARC21/slim http://www.loc.gov/standards/marcxml/schema/MARC21slim.xsd"
    xmlns="http://www.loc.gov/MARC21/slim">

  <leader>01585nam a2200337 a 4500</leader>
  <controlfield tag="001">BRCA_8601</controlfield>
  <controlfield tag="005">20190320210336.0</controlfield>
  <controlfield tag="008">290816s1725----gw-#######---#000-0#ger-#</controlfield>
  <datafield tag="041" ind1=" " ind2=" ">
    <subfield code="a">ger</subfield>
  </datafield>
  <datafield tag="044" ind1=" " ind2=" ">
    <subfield code="a">gw</subfield>
  </datafield>
  <datafield tag="050" ind1=" " ind2="4">
    <subfield code="a">BX1756</subfield>
    <subfield code="b">.H58</subfield>
    <subfield code="c">1725</subfield>
  </datafield>
  <datafield tag="100" ind1="1" ind2=" ">
    <subfield code="a">H&#xF6;ger, P. Francisco</subfield>
    <subfield code="9">21501</subfield>
  </datafield>
  <datafield tag="245" ind1="1" ind2="0">
    <subfield code="a">Unaufh&#xF6;rlicher kirchen glantz das ist</subfield>
    <subfield code="b">ausser ordentliche lob und red verfassungen bey verschiedenen fest beg&#xE4;ngnussen der heiligen wie auch unterschiedlichen andachten bett g&#xE4;ng, und feyerlichen kirchen gepr&#xE4;ng samt oelberg und exempel predigen f&#xFC;r die fasten</subfield>
    <subfield code="c">P. Francisco H&#xF6;ger.</subfield>
  </datafield>
  <datafield tag="260" ind1=" " ind2=" ">
    <subfield code="a">Berlengung</subfield>
    <subfield code="b">Johann Andre de la Haye</subfield>
    <subfield code="c">1725</subfield>
  </datafield>
  <datafield tag="300" ind1=" " ind2=" ">
    <subfield code="a">1 vol. (con varias paginaciones)</subfield>
    <subfield code="c">34 cm</subfield>
  </datafield>
  <datafield tag="500" ind1=" " ind2=" ">
    <subfield code="a">Fondo antiguo</subfield>
  </datafield>
  <datafield tag="500" ind1=" " ind2=" ">
    <subfield code="a">Se encuentra en Caja Fuerte</subfield>
  </datafield>
  <datafield tag="500" ind1=" " ind2=" ">
    <subfield code="a">W-37</subfield>
  </datafield>
  <datafield tag="500" ind1=" " ind2=" ">
    <subfield code="a">Incluye &#xED;ndice alfab&#xE9;tico</subfield>
  </datafield>
  <datafield tag="500" ind1=" " ind2=" ">
    <subfield code="a">Portada impresa a dos tintas negro y rojo, se encuentra deteriorada</subfield>
  </datafield>
  <datafield tag="500" ind1=" " ind2=" ">
    <subfield code="a">Texto escrito a dos columnas</subfield>
  </datafield>
  <datafield tag="500" ind1=" " ind2=" ">
    <subfield code="a">Con Ex-libris de: Franz Mayer</subfield>
  </datafield>
  <datafield tag="500" ind1=" " ind2=" ">
    <subfield code="a">Uso de letras capitulares y vi&#xF1;etas</subfield>
  </datafield>
  <datafield tag="500" ind1=" " ind2=" ">
    <subfield code="a">Estado f&#xED;sico: p&#xE1;ginas 1 y 2 desprendidas</subfield>
  </datafield>
  <datafield tag="500" ind1=" " ind2=" ">
    <subfield code="a">Nota de encuadernaci&#xF3;n: en cart&#xF3;n con broches de piel met&#xE1;licos deteriorados</subfield>
  </datafield>
  <datafield tag="505" ind1="0" ind2=" ">
    <subfield code="a">Contiene: Das evangelium, denen armen und reichen geprediget oder evangelische srund barheiten jedem stand der benschen vorgehalten 1724</subfield>
  </datafield>
  <datafield tag="506" ind1="0" ind2=" ">
    <subfield code="a">Fondo reservado: para su consulta es necesario credencial de usuario y carta de motivos</subfield>
  </datafield>
  <datafield tag="650" ind1="1" ind2="4">
    <subfield code="a">Sermones</subfield>
    <subfield code="e">Alem&#xE1;n</subfield>
    <subfield code="v">Trabajos anteriores a 1800</subfield>
    <subfield code="9">21502</subfield>
  </datafield>
  <datafield tag="902" ind1=" " ind2=" ">
    <subfield code="a">LAR</subfield>
  </datafield>
  <datafield tag="942" ind1=" " ind2=" ">
    <subfield code="2">lcc</subfield>
    <subfield code="c">B</subfield>
  </datafield>
  <datafield tag="999" ind1=" " ind2=" ">
    <subfield code="c">8264</subfield>
    <subfield code="d">8264</subfield>
  </datafield>
  <datafield tag="952" ind1=" " ind2=" ">
    <subfield code="0">0</subfield>
    <subfield code="1">0</subfield>
    <subfield code="4">0</subfield>
    <subfield code="7">0</subfield>
    <subfield code="a">BRCA</subfield>
    <subfield code="b">BRCA</subfield>
    <subfield code="d">2016-08-29</subfield>
    <subfield code="i">W-37</subfield>
    <subfield code="l">0</subfield>
    <subfield code="o">BX1756 .H58 1725 (W-37)</subfield>
    <subfield code="p">LAR00105</subfield>
    <subfield code="r">2019-03-22 00:00:00</subfield>
    <subfield code="w">2019-03-22</subfield>
    <subfield code="y">B</subfield>
  </datafield>
</record>
